[Event "NRW-Liga II 9697"]
[Site "Germany"]
[Date "1997.??.??"]
[Round "9.6"]
[White "Blasek, Ralph"]
[Black "Wolf, Ulrich Martin"]
[Result "0-1"]
[WhiteElo "2345"]
[BlackElo "2200"]

1.e4 c5 2.Nc3 Nc6 3.Nge2 e5 4.Nd5 d6 5.Nec3 a6 6.a4 Be6 7.Bc4 Be7 8.O-O Nf6
9.d3 O-O 10.Nxe7+ Qxe7 11.Bg5 h6 12.Bh4 g5 13.Bg3 Kg7 14.Nd5 Bxd5 15.exd5 Nb4
16.Re1 Nbxd5 17.Qf3 Nb4 18.Re2 Nc6 19.c3 Qd7 20.Bb3 Nh7 21.h4 f5 22.hxg5 hxg5
23.a5 Nf6 24.Ra4 f4 25.Kf1  0-1

[Event "Excelsior Cup"]
[Site "Gothenborg"]
[Date "1997.??.??"]
[Round "4"]
[White "Rytshagov, Mikhail"]
[Black "Ziegler, Ari"]
[Result "1-0"]
[WhiteElo "2485"]
[BlackElo "2455"]

1.e4 c5 2.Nc3 Nc6 3.Nge2 Nf6 4.d4 cxd4 5.Nxd4 d6 6.f3 Qb6 7.Nb3 e6 8.Bf4 Ne5
9.Qd2 a6 10.Be3 Qc7 11.f4 Nc4 12.Bxc4 Qxc4 13.Qd3 Qxd3 14.cxd3 Bd7 15.Rc1 Be7
16.h3 O-O 17.Kf2 Rfc8 18.Na5 b5 19.a3 Bd8 20.b4 h6 21.Ne2 e5 22.Rxc8 Rxc8
23.Rc1 exf4 24.Bxf4 Rxc1 25.Nxc1 d5 26.e5 Ne8 27.Ncb3 Nc7 28.Nc5 Ne6 29.Nxd7 Nxf4
30.Nc6 Bc7 31.d4 f6 32.exf6 gxf6 33.Nxf6+ Kf7 34.Ng4 h5 35.Nge5+ Ke8 36.Kf3 Ne6
37.Ke3 Bb6 38.g4 hxg4 39.hxg4 Bc7 40.Nd3 Bh2 41.Nc5 Bg1+ 42.Kd3 Nf4+ 43.Kd2  1-0

[Event "Excelsior Cup"]
[Site "Gothenborg"]
[Date "1997.??.??"]
[Round "6"]
[White "Rytshagov, Mikhail"]
[Black "Hultin, Johan"]
[Result "1-0"]
[WhiteElo "2485"]
[BlackElo "2330"]

1.e4 c5 2.Nc3 Nc6 3.Nf3 d6 4.d4 cxd4 5.Nxd4 Nf6 6.Bg5 e6 7.Qd2 a6 8.O-O-O h6
9.Be3 Nxd4 10.Bxd4 b5 11.f4 Be7 12.Kb1 Bb7 13.Bd3 O-O 14.e5 dxe5 15.fxe5 Nd7
16.Ne4 Qc7 17.Nf6+ Kh8 18.Rhe1 Rfd8 19.Ng4 Bf8 20.Rf1 Nc5 21.Bxc5 Qxc5 22.Rxf7 Be4
23.Qe2 Bxd3 24.cxd3 Ra7 25.d4 Qb6 26.Qf3 Rxf7 27.Qxf7 b4 28.Rd3 Qb5 29.Qf3 Be7
30.Rd1 a5 31.Qd3 Qxd3+ 32.Rxd3 Bc5 33.Ne3 Rxd4 34.Rxd4 Bxd4 35.Nc4 Kh7 36.Kc2 Kg6
37.Kd3 Bg1 38.Nxa5 Bxh2 39.Nc6 Kf5 40.Nxb4 Bxe5 41.a4 Bxb2 42.a5 e5 43.Nc2 e4+
44.Ke2 Be5 45.a6  1-0

[Event "Excelsior Cup"]
[Site "Gothenborg"]
[Date "1997.??.??"]
[Round "8"]
[White "Gdanski, Jacek"]
[Black "Hultin, Johan"]
[Result "1/2-1/2"]
[WhiteElo "2485"]
[BlackElo "2330"]

1.e4 c5 2.Nc3 Nc6 3.Nf3 d6 4.d4 cxd4 5.Nxd4 Nf6 6.Bg5 e6 7.Qd2 a6 8.O-O-O h6
9.Be3 Be7 10.f3 Nxd4 11.Bxd4 b5 12.Kb1 e5 13.Be3 Be6 14.g4 Qa5 15.Qf2 Rb8
16.Nd5 Bxd5 17.exd5 Nd7 18.h4 Bd8 19.Bd3 Bb6 20.f4 O-O 21.g5 h5 22.Bxb6 Qxb6
23.Qe2 g6 24.f5 Kg7 25.fxg6 fxg6 26.Qe4 Rf5 27.Qg2 Rf4 28.Rhf1 Rbf8 29.Rxf4 exf4
30.Qg1 Qxg1 31.Rxg1 Ne5 32.Kc1 f3 33.Kd2 f2 34.Rf1 Rf4 35.Ke3 Rxh4 36.Kxf2 Nxd3+
37.cxd3 Rf4+ 38.Ke2 Rf5 39.Rg1 Rxd5 40.Ke3 Kf7 41.d4 Ke6 42.Ke4 Rf5 43.b4 d5+
44.Ke3 Kd6 45.Rg2 Kc6 46.Rg1 Kb6 47.Rg2 Kc7 48.Rg1 Kd7 49.Rg2 a5 50.bxa5 Kc6
51.Rb2 Rxg5 52.a4 bxa4 53.Rb4 Rg3+ 54.Kf4 Rb3 55.Rxa4 Kb7 56.Ra1 Rd3 57.Ke5 h4
58.Kxd5 h3 59.Ke4 Rg3 60.d5 g5 61.a6+ Ka7 62.d6 h2 63.Rh1 Rg2 64.Ke3 Rg3+
65.Kd4 Rg2 66.Ke3  1/2-1/2

[Event "Groningen op"]
[Site "Groningen"]
[Date "1997.??.??"]
[Round "4"]
[White "Kupreichik, Viktor D"]
[Black "Lanka, Zigurds"]
[Result "1/2-1/2"]
[WhiteElo "2500"]
[BlackElo "2565"]

1.e4 c5 2.Nc3 Nc6 3.Nf3 d6 4.d4 cxd4 5.Nxd4 Nf6 6.f4 e5 7.Nf3 Be7 8.Bc4 O-O
9.f5 Bd7 10.Bg5 Qb6 11.Bxf6 Qxb2 12.Nd5 Bxf6 13.a3 Nd4 14.Nxd4 Qxd4 15.Qxd4 exd4
16.Nxf6+ gxf6 17.O-O-O Bc6 18.Rxd4 Rad8 19.Kd2 Rfe8 20.Re1 Re5 21.Re3 Kf8
22.Bb3 Ke7 23.Rh3 Rh8 24.Ke3 Ra5 25.a4 h5 26.Kf4 Rc5 27.g4 h4 28.Rhd3 Re5
29.Rc3 Re8 30.g5 fxg5+ 31.Kxg5 Rg8+ 32.Kf4 Rg1 33.f6+ Ke8 34.Bd5 Kd7 35.Bxf7 Rf1+
36.Rf3 Rxf3+ 37.Kxf3 Rf5+ 38.Kg4 Rxf6 39.Bb3 Ke7 40.Kxh4 Rh6+ 41.Kg3 Rg6+
42.Kf3 Rf6+ 43.Kg4 Rg6+  1/2-1/2

[Event "Groningen op"]
[Site "Groningen"]
[Date "1997.??.??"]
[Round "5"]
[White "Mirumian, Vigen"]
[Black "Bromberger, Stefan"]
[Result "1/2-1/2"]
[WhiteElo "2490"]
[BlackElo "2345"]

1.e4 c5 2.Nf3 Nc6 3.Nc3 e6 4.Bb5 Nge7 5.O-O a6 6.Bxc6 Nxc6 7.Re1 Qc7 8.d4 cxd4
9.Nxd4 Bd6 10.Nd5 exd5 11.exd5+ Ne5 12.f4 O-O 13.fxe5 Bxe5 14.Nf3 Bf6 15.Bg5 Bxg5
16.Nxg5 d6 17.Qd3 g6 18.Qd4 Bf5 19.g4 Qd8 20.h4 Bxc2 21.Rac1 Rc8 22.Re2 Bd3
23.Rxc8 Qxc8 24.Qxd3 Qxg4+ 25.Rg2 Qxh4 26.Qe3 Kg7 27.Qc3+ Kg8 28.Qe3 Kg7
29.Nf3 Qc4 30.Rd2 Rc8 31.Kg2 Qg4+ 32.Kf2 Rc4 33.Re2 Qf5 34.b3  1/2-1/2

[Event "Groningen op"]
[Site "Groningen"]
[Date "1997.??.??"]
[Round "10"]
[White "Kupreichik, Viktor D"]
[Black "Peek, Marcel"]
[Result "1-0"]
[WhiteElo "2500"]
[BlackElo "2335"]

1.e4 c5 2.Nc3 Nc6 3.Nf3 d6 4.d4 cxd4 5.Nxd4 Nf6 6.Be3 Ng4 7.Bb5 Nxe3 8.fxe3 Bd7
9.Bxc6 bxc6 10.O-O e6 11.e5 Be7 12.exd6 Bxd6 13.Qh5 O-O 14.Rad1 Qc7 15.Nf3 f5
16.Qh4 Rf6 17.Qc4 Rb8 18.e4 Rb4 19.Qd3 e5 20.b3 Rd4 21.Nxd4 exd4 22.h3 dxc3
23.e5 Bc5+ 24.Kh1 Qxe5 25.Rfe1 Qf4 26.Qxd7 h6 27.Re6 Rxe6 28.Qxe6+ Kh7 29.Qxc6 Bb6
30.Qf3 Qe5 31.Rf1 g6 32.Qb7+ Kg8 33.Rd1  1-0

[Event "Haarlem op"]
[Site "Haarlem"]
[Date "1997.??.??"]
[Round "1"]
[White "Blokhius, Jeroen"]
[Black "Van Blitterswijk, Stefan"]
[Result "0-1"]
[WhiteElo "2180"]
[BlackElo "2335"]

1.e4 c5 2.Nc3 Nc6 3.Nge2 g6 4.d4 cxd4 5.Nxd4 Bg7 6.Be3 Nf6 7.Nxc6 bxc6 8.e5 Ng8
9.f4 Nh6 10.Bc4 O-O 11.O-O d6 12.exd6 exd6 13.Bd4 Nf5 14.Bxg7 Kxg7 15.Rf2 d5
16.Be2 Re8 17.Na4 Qd6 18.Qd2 Kg8 19.c3 c5 20.b3 Bb7 21.Nb2 Rad8 22.Bd3 Ne3
23.h3 d4 24.Bb5 Re7 25.Nc4 Qc7 26.Ne5 f6 27.cxd4 fxe5 28.Qxe3 cxd4 29.Qe2 e4
30.f5 e3 31.Rff1 gxf5 32.Rxf5 Rg7 33.Qc4+ Qxc4 34.Bxc4+ Kh8 35.g4 Re7 36.Kf1 Be4
37.Rf4 Bc2  0-1

[Event "Hafnarfjordur"]
[Site "Hafnarfjordur"]
[Date "1997.??.??"]
[Round "2"]
[White "Westerinen, Heikki MJ"]
[Black "Bjarnason, Saevar"]
[Result "1-0"]
[WhiteElo "2410"]
[BlackElo "2265"]

1.e4 c5 2.Nc3 Nc6 3.Nge2 e6 4.g3 Nf6 5.Bg2 a6 6.O-O d6 7.f4 Qc7 8.h3 b5 9.b3 Bb7
10.Bb2 Be7 11.g4 Nd4 12.Ng3 Nd7 13.Nce2 Bf6 14.c3 Nxe2+ 15.Qxe2 g6 16.Rad1 Bh4
17.Qe3 c4 18.Ne2 Qc5 19.d4 cxd3 20.Rxd3 Qxe3+ 21.Rxe3 Nc5 22.Rd1 Be7 23.e5 dxe5
24.Rxe5 Bxg2 25.Kxg2 O-O 26.Ba3 Rfc8 27.Bxc5 Bxc5 28.Rd7 Bb6 29.f5 exf5 30.gxf5 Re8
31.Rxe8+ Rxe8 32.Nf4 Rd8 33.Nd5 Rxd7 34.Nf6+ Kg7 35.Nxd7 Bd8 36.c4 bxc4 37.bxc4 gxf5
38.c5 f6 39.c6 Kf7 40.Nc5 Bb6 41.Nxa6 Ke6 42.Kf3 Kd6 43.c7 Kd7 44.Kf4 Bd4
45.Kxf5 Bb2 46.h4 Bc3 47.h5 Bb2 48.Nb4 Kxc7 49.Nd5+ Kc6 50.Nxf6 h6 51.Ng4 Bc1
52.Kg6 Kb5 53.Nxh6 Ka4 54.Nf7 Ka3 55.Ng5 Kxa2 56.h6 Kb3 57.h7 Bb2 58.Ne6 Bh8
59.Kf7  1-0

[Event "Wichern op"]
[Site "Hamburg"]
[Date "1997.??.??"]
[Round "1"]
[White "Voigt, Martin"]
[Black "Ossenbrueggen, Lars"]
[Result "1-0"]
[WhiteElo "2265"]
[BlackElo "2055"]

1.e4 c5 2.Nc3 Nc6 3.Nge2 e5 4.Nd5 d6 5.Nec3 Be6 6.Bc4 Nge7 7.d3 Nc8 8.O-O Be7
9.f4 exf4 10.Bxf4 a6 11.Nxe7 Qxe7 12.Bxe6 fxe6 13.Qh5+ g6 14.Qh6 Rg8 15.Bg5 Qg7
16.Qh3 Nd4 17.Rae1 h5 18.Nd5 Rf8 19.Nf6+ Rxf6 20.Rxf6 Ne7 21.c3 Ng8 22.cxd4 Nxf6
23.Qxe6+ Qe7 24.Qxf6 Qxf6 25.Bxf6 cxd4 26.Bxd4  1-0

[Event "Hamburg ch"]
[Site "Hamburg"]
[Date "1997.??.??"]
[Round "4"]
[White "Voigt, Martin"]
[Black "Reddmann, Hauke"]
[Result "1/2-1/2"]
[WhiteElo "2235"]
[BlackElo "2305"]

1.e4 c5 2.Nc3 Nc6 3.Nge2 d6 4.d4 cxd4 5.Nxd4 Nf6 6.Bc4 Bd7 7.Bb3 Na5 8.f4 Nxb3
9.axb3 e5 10.Nf3 Bc6 11.Qd3 exf4 12.O-O Be7 13.Bxf4 O-O 14.Nd4 Ng4 15.Nf5 Ne5
16.Qd4 Re8 17.Nxe7+ Qxe7 18.Rxa7 Rxa7 19.Qxa7 Ng6 20.Qf2 f6 21.Bg3 Ne5 22.h3 Nf7
23.Re1 Ng5 24.Qd4 Nxe4 25.Nxe4 Bxe4 26.Qxd6 f5 27.Qxe7 Rxe7 28.Bf4 Kf7 29.Re2 Kf6
30.Rd2 h6 31.c4 g5 32.Bd6 Re6 33.Kf2 f4 34.b4 Kf5 35.g4+ fxg3+ 36.Kxg3 h5
37.b5 g4 38.hxg4+ hxg4 39.c5 Rh6 40.Kf2 Rh3 41.Bg3 Rh1 42.Rd4 Rc1 43.Ke3 Bh1
44.Bd6 g3 45.Bxg3 Rxc5 46.Rh4 Rc1 47.Rh6 Bg2 48.Kd4 Rb1 49.Kc3 Rh1 50.Bh2 Bf3
51.b4 Be2 52.Kd4 Bxb5 53.Rh5+ Ke6 54.Rxb5 Rxh2 55.Rc5 Kd6 56.Kc3 b6 57.Rg5  1/2-1/2

[Event "Hamburg ch"]
[Site "Hamburg"]
[Date "1997.??.??"]
[Round "5"]
[White "Kues, Hendrik"]
[Black "Breyther, Ruediger"]
[Result "0-1"]
[WhiteElo "2205"]
[BlackElo "2415"]

1.e4 c5 2.Ne2 Nc6 3.Nbc3 g6 4.g3 Bg7 5.Bg2 d6 6.O-O e6 7.d3 Nge7 8.Be3 Nd4
9.Qd2 O-O 10.Nd1 Bd7 11.c3 Nxe2+ 12.Qxe2 Nc6 13.f4 Qa5 14.Nf2 Rae8 15.a3 Qb5
16.Rab1 f5 17.Qd2 a5 18.Rfc1 a4 19.Re1 Nd4 20.Qd1 Nb3 21.Bf1 Qb6 22.h4 Bc6
23.Bg2 d5 24.Nh3 h6 25.h5 dxe4 26.dxe4 Rd8 27.Qc2 gxh5 28.exf5 exf5 29.Qe2 Bxg2
30.Kxg2 Qg6 31.Kh2 Kh8 32.Nf2 Rg8 33.Rg1 Rge8 34.Rbd1 Nd4 35.cxd4 cxd4 36.Qf3 Rxe3
37.Qxe3 dxe3 38.Rxd8+ Kh7 39.Nd3 Qb6 40.Rd7 Qb5 41.Ne5 Qxb2+ 42.Rg2 e2 43.Nf3 Qxa3
44.Ne1 Qe3 45.Rd3 Qe4 46.Rd2 a3 47.Rgxe2 Qa4 48.Nf3 b5 49.Nh4 Qa7 50.Nxf5 b4
51.Re7 Qxe7 52.Nxe7 b3 53.Nf5  0-1

[Event "Hanham op"]
[Site "Hanham"]
[Date "1997.??.??"]
[Round "2"]
[White "Baker, Chris W"]
[Black "Lilley, Graham"]
[Result "1-0"]
[WhiteElo "2310"]
[BlackElo "2235"]

1.e4 c5 2.Nc3 Nc6 3.Nf3 g6 4.d4 cxd4 5.Nxd4 Bg7 6.Be3 Nf6 7.Nxc6 bxc6 8.e5 Nd5
9.Nxd5 cxd5 10.Qxd5 Rb8 11.Bc4 O-O 12.O-O Qc7 13.f4 d6 14.Bb3 Bb7 15.Qc4 Qxc4
16.Bxc4 dxe5 17.fxe5 Bxe5 18.Bxa7 Rbd8 19.Rad1 Rxd1 20.Rxd1 Rc8 21.b3 Ra8
22.Bd4 Bxd4+ 23.Rxd4 Rxa2 24.Rd7 Bc6 25.Rc7 Be4 26.Rxe7 Bxc2 27.Rxf7 Rb2
28.Re7+ Kf8 29.Rxh7 Bxb3 30.Rf7+ Ke8 31.Bxb3 Rxb3 32.Rf6 g5 33.Rf5 g4 34.Rg5 g3
35.Rxg3 Rxg3 36.hxg3 Kf7 37.Kf2 Kg6 38.Kf3 Kf5 39.g4+ Kg5 40.Kg3 Kg6 41.Kf4 Kf6
42.g5+ Kg6 43.Kg4 Kg7 44.Kf5 Kf7 45.g6+ Kg8 46.Kf6 Kf8 47.g7+ Kg8 48.g3  1-0

[Event "Veteran Elit"]
[Site "Haninge"]
[Date "1997.??.??"]
[Round "1"]
[White "Lundquist, Rolf"]
[Black "Westin, Bertil"]
[Result "1-0"]
[WhiteElo "2280"]
[BlackElo "2060"]

1.e4 c5 2.Nc3 Nc6 3.Nf3 g6 4.d4 cxd4 5.Nxd4 Bg7 6.Be3 d6 7.Bc4 Nf6 8.f3 a6
9.Qd2 O-O 10.h4 Nxd4 11.Bxd4 b5 12.Bb3 h5 13.O-O-O Bd7 14.g4 hxg4 15.h5 gxh5
16.Bxf6 exf6 17.Rxh5 Re8 18.Rdh1 Re5 19.Rh7 Rg5 20.Qh2 Kf8 21.Qxd6+ Kg8 22.f4 Rg6
23.Nd5  1-0

[Event "SWE-ch qualA"]
[Site "Haninge"]
[Date "1997.??.??"]
[Round "4"]
[White "Evertsson, Kristian"]
[Black "Persson, Lars"]
[Result "1/2-1/2"]
[WhiteElo "2020"]
[BlackElo "2125"]

1.e4 c5 2.Nf3 Nc6 3.Nc3 d6 4.d4 cxd4 5.Nxd4 e5 6.Nxc6 bxc6 7.Bc4 Be6 8.Bxe6 fxe6
9.f4 exf4 10.Bxf4 Nf6 11.e5 dxe5 12.Bxe5 Qxd1+ 13.Nxd1 Bc5 14.Bg3 Rf8 15.Nf2 Nd5
16.Ne4 Be7 17.O-O-O Rd8 18.Be5 Bf6 19.Bd6 Be7 20.Be5 Bf6 21.Bd6 Be7 22.Be5  1/2-1/2

[Event "Helsinki We SKFC 2 op"]
[Site "Helsinki"]
[Date "1997.??.??"]
[Round "1"]
[White "Haapasalo, Jukka Pekka"]
[Black "Norri, Joose"]
[Result "0-1"]
[WhiteElo "2175"]
[BlackElo "2430"]

1.e4 c5 2.Nf3 Nc6 3.Nc3 g6 4.d4 cxd4 5.Nxd4 Bg7 6.Be3 Nf6 7.Bc4 d6 8.f3 O-O
9.Qd2 Qa5 10.O-O-O Bd7 11.Bb3 Rfc8 12.g4 Ne5 13.h4 b5 14.Bh6 Bxh6 15.Qxh6 Rxc3
16.bxc3 Qxc3  0-1

[Event "Highgate Masters"]
[Site "Highgate"]
[Date "1997.??.??"]
[Round "7"]
[White "Webb, Richard M"]
[Black "Aagaard, Jacob"]
[Result "1/2-1/2"]
[WhiteElo "2290"]
[BlackElo "2435"]

1.e4 c5 2.Nc3 Nc6 3.Nge2 g6 4.d4 cxd4 5.Nxd4 Bg7 6.Be3 Nf6 7.Bc4 Qa5 8.O-O O-O
9.Bb3 d6 10.h3 Bd7 11.Re1 Rfc8 12.Qe2 Qe5 13.Nf3 Qh5 14.Rad1 Be8 15.Nd5 Nxd5
16.exd5  1/2-1/2

[Event "HUN-chT 9798"]
[Site "Hungary"]
[Date "1997.??.??"]
[Round "?"]
[White "Pirisi, Gabor"]
[Black "Varga, Peter"]
[Result "0-1"]
[WhiteElo "2365"]
[BlackElo "2390"]

1.e4 c5 2.Nc3 Nc6 3.Nge2 d6 4.d3 g6 5.Be3 Bg7 6.Qd2 Nd4 7.Nd1 e5 8.c3 Nc6
9.g3 Nge7 10.Bg2 O-O 11.O-O Be6 12.f4 f6 13.Nf2 Qa5 14.a3 Qc7 15.b4 b6 16.g4 cxb4
17.axb4 d5 18.f5 Bf7 19.Ng3 g5 20.exd5 Nxd5 21.Bxd5 Bxd5 22.Nfe4 Nd8 23.c4 Bxe4
24.Nxe4 Nf7 25.c5 Rfd8 26.Ra6 Qb7 27.Rfa1 bxc5 28.Bxc5 Qxe4 29.dxe4 Rxd2
30.b5 Rb8 31.Rb1 Rd7 32.Bxa7 Ra8 33.Bc5 Rb8 34.Ba7 Rbb7 35.Bc5 Bf8 36.Bxf8 Kxf8
37.Rxf6 Rd6 38.Rxd6 Nxd6 39.b6 Nxe4 40.Re1 Nf6 41.Rxe5 Rxb6 42.h3 Rb2 43.Ra5 Rd2
44.Ra7 Nd7 45.Ra5 Ke7 46.Ra7 Kd6 47.Ra5 Ne5 48.Ra6+ Kd5 49.f6 Ke4 50.Re6 Kf4
51.Kf1 Nf3 52.Re2 Rxe2 53.f7 Ke3 54.f8=Q Rf2+  0-1

[Event "World Cities"]
[Site "Jakarta "]
[Date "1997.??.??"]
[Round "4"]
[White "Mariano, Nelson"]
[Black "Suradiradja, Herman"]
[Result "1/2-1/2"]
[WhiteElo "2490"]
[BlackElo "2250"]

1.e4 c5 2.Ne2 Nc6 3.Nbc3 Nf6 4.g3 g6 5.Bg2 Bg7 6.O-O O-O 7.Nd5 e6 8.Nxf6+ Qxf6
9.f4 d6 10.d3 Qe7 11.c3 f5 12.Be3 Kh8 13.Qd2 Bd7 14.Rae1 Rab8 15.d4 b6 16.Bf2 Rbd8
17.d5 Nb8 18.exf5 gxf5 19.g4 fxg4 20.Ng3 e5 21.Be3 Bb5 22.Rf2 Rde8 23.Rc1 Nd7
24.f5 Nf6 25.Ne4 Nxe4 26.Bxe4 Bf6 27.Bg2 Rg8 28.Kh1 Qf7 29.Rg1 Qh5 30.Qd1 Bg5
31.Bxg5 Qxg5 32.h3  1/2-1/2

[Event "Juvenil op"]
[Site "?"]
[Date "1997.??.??"]
[Round "6"]
[White "Sirvent, D."]
[Black "Sanfeliu, A."]
[Result "0-1"]
[WhiteElo "2060"]
[BlackElo "2020"]

1.e4 c5 2.Nc3 Nc6 3.Nf3 d6 4.d4 cxd4 5.Nxd4 g6 6.Be3 Bg7 7.Qd2 Nf6 8.f3 O-O
9.Bc4 Bd7 10.O-O-O Ne5 11.Bb3 Rc8 12.Bh6 Bxh6 13.Qxh6 Rxc3 14.bxc3 Qc7 15.Qe3 b5
16.h4 a5 17.a3 Qc5 18.Kd2 Rc8 19.Ne2 Qc7 20.Ke1 h5 21.Qd2 Kg7 22.Rf1 Qc5
23.Ra1 a4 24.Ba2 Qxa3 25.Kf2 Qc5+ 26.Qd4 Qc7 27.Kg1 Nc6 28.Qd2 Qb6+ 29.Kh1 Ne5
30.Rab1 Qa5 31.Rfd1 Nc6 32.Nd4 Ne5 33.Ne2 Nc6 34.Nd4 Ne5 35.Rb4 Qa6 36.Rdb1 Rc5
37.Kg1 Qc8 38.Nxb5 Bxb5 39.Rxb5 Rxc3 40.Rc1 Qc6 41.Rbb1 Rxf3 42.Qb4 Rg3 43.c3 Nxe4
44.Qb6 Qd7 45.Rc2 Qh3 46.Rf1 Nf6 47.Bb1 Neg4 48.Rf3 Qh2+ 49.Kf1 Qh1+ 50.Qg1 Nh2+  0-1

[Event "Kastel Stari op"]
[Site "Kastel Stari"]
[Date "1997.??.??"]
[Round "3"]
[White "Zelcic, Robert"]
[Black "Bogut, Zeljko"]
[Result "1-0"]
[WhiteElo "2455"]
[BlackElo "2285"]

1.e4 c5 2.Nf3 Nc6 3.Nc3 e6 4.Be2 Nf6 5.O-O Qc7 6.d4 cxd4 7.Nxd4 a6 8.Kh1 b5
9.Nxc6 dxc6 10.f4 b4 11.e5 bxc3 12.exf6 gxf6 13.Qd4 Rg8 14.Qxc3 f5 15.Bf3 Bb7
16.Be3 c5 17.Rad1 Bxf3 18.Rxf3 Rc8 19.Bf2 Qc6 20.Bh4 Be7 21.Rg3 Rf8 22.Bf6 Rd8
23.Rxd8+ Kxd8 24.Rd3+ Ke8 25.Qe5 Bxf6 26.Qxf6 Qc7 27.c4 Qe7 28.Qe5 f6 29.Qd6 Qxd6
30.Rxd6 Ke7 31.Rxa6 e5 32.Kg1 Rd8 33.Rb6 Rd4 34.fxe5 fxe5 35.b3 Rd1+ 36.Kf2 Rd2+
37.Kg3 Rxa2 38.Rb7+ Kf6 39.Rxh7 Rb2 40.Rb7 e4 41.h4 e3 42.Rb8 Ke5 43.Re8+ Kd4
44.h5 Rxb3 45.h6 Rb7 46.Kf4 Rh7 47.Kg5 f4 48.Kg6 Rb7 49.h7 Rxh7 50.Kxh7 Kxc4
51.Kg6 Kd3 52.Kf5 f3 53.Kf4 fxg2 54.Rxe3+ Kd4 55.Re1 Kd3 56.Kf3 c4 57.Rd1+ Kc2
58.Ke2 c3  1-0

[Event "Klatovy op-A"]
[Site "Klatovy"]
[Date "1997.??.??"]
[Round "?"]
[White "Kacirek, Petr"]
[Black "Vodicka, Vladimir"]
[Result "1/2-1/2"]
[WhiteElo "2260"]
[BlackElo "2330"]

1.e4 c5 2.Ne2 Nc6 3.Nbc3 Nf6 4.g3 e5 5.Bg2 d6 6.d3 g6 7.O-O Bg7 8.f4 Nd4
9.h3 Bd7 10.fxe5 dxe5 11.Bg5 h6 12.Bxf6 Bxf6 13.Nd5 Bg7 14.Nxd4 cxd4 15.c4 dxc3
16.bxc3 O-O 17.Qb3 b6 18.a4 Bc6 19.Ra2 Qd6 20.Kh2  1/2-1/2

[Event "Koblenz-ch"]
[Site "Koblenz"]
[Date "1997.??.??"]
[Round "5"]
[White "Drahtschmidt, Peter"]
[Black "Meyer, Joerg"]
[Result "1-0"]
[WhiteElo "2045"]
[BlackElo "1555"]

1.e4 c5 2.Nf3 Nc6 3.Nc3 Nf6 4.d4 cxd4 5.Nxd4 e5 6.Nf3 Bb4 7.Bc4 O-O 8.Bg5 d6
9.O-O Bxc3 10.bxc3 Bg4 11.Qd3 Qe7 12.Nd2 Rac8 13.Rfe1 Rfd8 14.Nf1 Be6 15.Ne3 Na5
16.Bd5 b6 17.Rf1 h6 18.Bh4 g5 19.Bg3 Nb7 20.f3 Nc5 21.Qd2 b5 22.Rfb1 Bd7
23.c4 bxc4 24.Bxc4 Kh7 25.Bd5 Rc7 26.Rb4 Na4 27.Bf2 Nc3 28.Bc4 Na4 29.Bb5 Bxb5
30.Rxb5 Nc3 31.Rb3 Na4 32.h4 Ne8 33.Nd5 Qe6 34.hxg5 Rcc8 35.gxh6 Qxh6 36.f4 Nc5
37.Bxc5 Rxc5 38.Rh3 Qxh3 39.gxh3  1-0

[Event "Koge op"]
[Site "Koge"]
[Date "1997.??.??"]
[Round "1"]
[White "Adams, Michael"]
[Black "Molvig, Henrik"]
[Result "1-0"]
[WhiteElo "2680"]
[BlackElo "2230"]

1.e4 c5 2.Nc3 Nc6 3.Nf3 d6 4.d4 cxd4 5.Nxd4 e6 6.Be3 Nf6 7.Qe2 Be7 8.O-O-O Qc7
9.g4 Nxd4 10.Rxd4 a6 11.g5 Nd7 12.f4 b5 13.h4 Nb6 14.Qf2 Bb7 15.Rg1 d5 16.exd5 Nxd5
17.Nxd5 Bxd5 18.f5 Rc8 19.Bd3 Bc5 20.Rdg4 O-O 21.f6 g6 22.h5 Bxa2 23.hxg6 fxg6
24.Rh1 Bb3 25.Bxc5 Qxc5 26.Qh2 Qc7 27.Rh4 Bxc2 28.Bxc2 Qa5 29.Kb1  1-0

[Event "Koge op"]
[Site "Koge"]
[Date "1997.??.??"]
[Round "7"]
[White "Hector, Jonny"]
[Black "Nilssen, John Arni"]
[Result "1-0"]
[WhiteElo "2470"]
[BlackElo "2305"]

1.e4 c5 2.Nf3 Nc6 3.Nc3 e5 4.Bc4 Be7 5.d3 d6 6.Nd2 Bg5 7.h4 Bh6 8.Qh5 g6
9.Qd1 Be6 10.h5 Qd7 11.Nf1 Bxc1 12.Qxc1 O-O-O 13.hxg6 fxg6 14.Qg5 Rf8 15.Ne3 Nd4
16.Ncd5 Bxd5 17.Bxd5 Nf6 18.Bb3 Nh5 19.Qg4 Qxg4 20.Nxg4 Rf4 21.Ne3 Rhf8 22.f3 Nxb3
23.axb3 Kb8 24.Kf2 R4f7 25.Nd5 Rd7 26.Rh4 Nf6 27.Nxf6 Rxf6 28.Rh6 a6 29.Ke3 Kc7
30.Rah1 Rdf7 31.g3 Kd8 32.f4 Ke8 33.Rf1 Rg7 34.c3 d5 35.fxe5 d4+ 36.cxd4 cxd4+
37.Ke2 Re7 38.Rc1 Kf8 39.Rc5 Rfe6 40.Rh1 b6 41.Rc8+ Kg7 42.Rhc1 Rxe5 43.R1c7 Rxc7
44.Rxc7+ Kg8 45.Rc4 Rg5 46.Kf3 Rc5 47.Rxd4 Rc2 48.Rd6 b5 49.Rxa6 Rxb2 50.Ra8+ Kf7
51.Ra7+ Ke6 52.Rxh7 Rxb3 53.Ke3 Rb1 54.Rb7 Rg1 55.Rb6+ Kf7 56.d4 Rxg3+ 57.Kf4 Rh3
58.Ke5 Rh5+ 59.Kd6 Rh4 60.Rb7+ Ke8 61.Re7+ Kd8 62.d5 g5 63.e5 Rh6+ 64.e6  1-0

[Event "Komarno op"]
[Site "Komarno"]
[Date "1997.??.??"]
[Round "?"]
[White "Mirumian, Vigen"]
[Black "Salai, Ladislav"]
[Result "1/2-1/2"]
[WhiteElo "2425"]
[BlackElo "2460"]

1.e4 c5 2.Nf3 Nc6 3.Nc3 e5 4.Bc4 d6 5.d3 Be7 6.O-O Nf6 7.Ng5 O-O 8.f4 exf4
9.Bxf4 h6 10.Nf3 Be6 11.Qe1 d5 12.exd5 Nxd5 13.Nxd5 Bxd5 14.c3  1/2-1/2

[Event "SLO-ch"]
[Site "Krsko"]
[Date "1997.??.??"]
[Round "?"]
[White "Vombek, Dani"]
[Black "Podlesnik, Bogdan"]
[Result "0-1"]
[WhiteElo "2310"]
[BlackElo "2425"]

1.e4 c5 2.Ne2 Nc6 3.Nbc3 g6 4.d4 cxd4 5.Nxd4 Bg7 6.Nb3 Nf6 7.Be2 O-O 8.O-O b6
9.Re1 Bb7 10.Bf1 Rc8 11.Bg5 Ne5 12.Nd5 Nxd5 13.exd5 h6 14.Bh4 g5 15.Bg3 Nc4
16.h4 e6 17.dxe6 dxe6 18.Qh5 Nxb2 19.Be5 Rxc2 20.Nd4 Rxf2 21.Bxg7 Kxg7 22.Rxe6 Rxg2+
23.Bxg2 Qxd4+  0-1

[Event "SLO-ch"]
[Site "Krsko"]
[Date "1997.??.??"]
[Round "?"]
[White "Vombek, Dani"]
[Black "Velickovic, Zoran"]
[Result "1-0"]
[WhiteElo "2310"]
[BlackElo "2280"]

1.e4 c5 2.Ne2 Nc6 3.Nbc3 g6 4.g3 Bg7 5.Bg2 e6 6.O-O Nge7 7.d3 O-O 8.Be3 Nd4
9.Nf4 d6 10.Qd2 Rb8 11.Nd1 e5 12.Nd5 Nxd5 13.exd5 Nf5 14.a4 a6 15.a5 b5 16.axb6 Rxb6
17.Ra2 Bd7 18.b3 Bb5 19.Qa5 Nxe3 20.fxe3 f5 21.Bh3 h5 22.e4 f4 23.Kg2 Bh6
24.Ra1 Kg7 25.Be6 g5 26.g4 Be8 27.Nb2 f3+ 28.Rxf3 Rxf3 29.Kxf3 hxg4+ 30.Kg2 Bb5
31.Rf1 g3 32.Rf7+ Kh8 33.hxg3 g4 34.Nd1 Bg5 35.Qe1 Bh6 36.Qf2 Be8 37.Rf8+ Kg7
38.Rg8+  1-0

[Event "SLO-ch"]
[Site "Krsko"]
[Date "1997.??.??"]
[Round "?"]
[White "Podlesnik, Bogdan"]
[Black "Pavasovic, Dusko"]
[Result "1-0"]
[WhiteElo "2425"]
[BlackElo "2495"]

1.e4 c5 2.Nf3 Nc6 3.Nc3 d6 4.d4 cxd4 5.Nxd4 Nf6 6.f3 e5 7.Nb3 Be7 8.Be3 Be6
9.Nd5 Bxd5 10.exd5 Nb8 11.Qd2 O-O 12.Na5 b6 13.Nc4 Na6 14.O-O-O Nc7 15.Nxe5 dxe5
16.d6 Ncd5 17.dxe7 Qxe7 18.Bg5 Rfd8 19.Bc4 Nf4 20.Qf2 Ne6 21.Be3 Rdc8 22.Bb3 Nc5
23.Bxc5 bxc5 24.Bc4 Nd7 25.Rhe1 Nb6 26.Bd5 Rab8 27.Qe3 Nxd5 28.Rxd5 Qb7 29.Qxe5 h6
30.Red1 Qa6 31.a3 Qc4 32.Kb1 Re8 33.Rxc5 Qh4 34.Qc7 Qf6 35.Rc3 Rb6 36.Qxa7 Re2
37.Qc7 Kh7 38.g4 Ree6 39.Qc4 Re3 40.Ka2 Qe5 41.Qc5 Qe6+ 42.Qd5 Rxc3 43.Qxe6 Rxe6
44.bxc3 Re3 45.Rd3 Re2 46.Kb3 Rxh2 47.c4 Re2 48.c5 g6 49.c6 Re6 50.Rc3 Re8
51.c7 Rc8 52.Kb4 h5 53.gxh5 gxh5 54.Kb5  1-0

[Event "Gran Canaria op"]
[Site "Las Palmas"]
[Date "1997.??.??"]
[Round "?"]
[White "Romero Holmes, Alfonso"]
[Black "Villavicencio, Adalberto"]
[Result "1-0"]
[WhiteElo "2465"]
[BlackElo "2310"]

1.e4 c5 2.Nc3 Nc6 3.Nf3 d6 4.d4 cxd4 5.Nxd4 Nf6 6.h3 e6 7.Be3 a6 8.Qd2 Nxd4
9.Qxd4 Be7 10.f4 O-O 11.O-O-O b5 12.g4 Qa5 13.g5 b4 14.Ne2 Nd7 15.Kb1 Bb7
16.Bd2 d5 17.a3 Qc7 18.Bxb4 Bxb4 19.axb4 Rac8 20.Nc3 Qxf4 21.exd5 Qxd4 22.Rxd4 Nb6
23.Bg2 Rfd8 24.Rhd1 Kf8 25.Be4 e5 26.R4d3 Rc4 27.Rf1 g6 28.h4 Rxb4 29.h5 Nc4
30.hxg6 hxg6 31.Bxg6 Nxb2 32.Rxf7+ Kg8 33.Rdf3 Na4+ 34.Kc1 Nxc3 35.Bh7+ Kh8
36.Rxc3 Bxd5 37.Re7 Ba2 38.Bd3 Rb1+ 39.Kd2  1-0

[Event "US-op"]
[Site "Las Vegas"]
[Date "1997.??.??"]
[Round "3"]
[White "Huber, Gregory"]
[Black "Kudrin, Sergey"]
[Result "0-1"]
[WhiteElo "2395"]
[BlackElo "2610"]

1.e4 c5 2.Nc3 Nc6 3.Nge2 g6 4.g3 Bg7 5.Bg2 e6 6.d3 Nge7 7.Be3 Nd4 8.O-O Rb8
9.Qd2 b5 10.Nd1 b4 11.f4 d6 12.g4 f5 13.gxf5 exf5 14.Ng3 Qa5 15.e5 dxe5 16.fxe5 O-O
17.c3 bxc3 18.bxc3 Ne6 19.Bh6 Ba6 20.Bxg7 Kxg7 21.Nf2 Rfd8 22.Rad1 Nd5 23.Bxd5 Rxd5
24.Nh3 Rxd3 25.Qg2 Kh8 26.Rxd3 Bxd3 27.Qd5 Qb6 28.Nf4 c4+ 29.Kg2 Bxf1+  0-1